000 00522nam a2200217Ia 4500
003 OSt
005 20220928144236.0
006 a|||||r|||| 00| 0
007 ta
008 220927b |||||||| |||| 00| 0 eng d
024 _a63814
037 _cTextual
040 _aSDCL
_cSDCL
_beng
041 _2eng
_aeng
082 _aJ781, N9
100 _aSmith and Cothren Ed.
_9507465
245 0 _aCotton.
260 _c1999
942 _hJ781, N9
_cTEXL
_2CC
999 _c826838
_d826838